Argentina National Team All-Time XI - Statistics

General Stats
  • This quiz has been taken 234 times
  • The average score is 6 of 13
Answer Stats
Position Period Player % Correct
FW 2005- Lionel Messi
100%
MF 1977-94 Diego Maradona
93%
FW 1991-2002 Gabriel Batistuta
78%
DF 1994-2011 Javier Zanetti
70%
12th player 2003-18 Javier Mascherano
62%
FW 1973-82 Mario Kempes
57%
DF 1976-86 Daniel Passarella
50%
MF 1947-57 Alfredo Di Stéfano
32%
MF 1992-99 Fernando Redondo
28%
GK 1974-85 Ubaldo Fillol
24%
Coach 1974-83 César Menotti
18%
DF 1964-74 Roberto Perfumo
7%
DF 1960-69 Silvio Marzolini
6%
No matching quizzes found
Score Distribution
Percent of People with Each Score
Percentile by Number Answered
Your Score History
You have not taken this quiz